Missing Word: Ryan Reynolds Quiz Stats

 Plays Quiz Updated Jan 9, 2019

Challenge
Share
Tweet
Embed
Score 0/18 Timer 03:00
6 Plays Today
Hint Answer % Correct
The Amityville ____Horror
92.6%
Green ____Lantern
74.8%
X-Men Origins: ____Wolverine
60.6%
____: TrinityBlade
60.2%
The Hitman''s ____Bodyguard
60%
____, MaybeDefinitely
59.3%
Van ____Wilder
56.2%
We All ____ DownFall
55%
Smokin' ____Aces
49.4%
Hint Answer % Correct
Just ____Friends
37.4%
Chaos ____Theory
26.6%
Finders' ____Fee
22.3%
The ____-UpChange
20.1%
____ SoonComing
18.3%
____ HouseSafe
14.3%
Woman in ____Gold
10.9%
Buying the ____Cow
9.5%
____ During WartimeLife
8.6%

Today's Daily Dose

Missing Word
TV HA - HZ

Word Ladder
Nordic Capital

On This Day
January 19th II

You're not logged in!

Compare scores with friends on all Sporcle quizzes.
OR
Log In

You Might Also Like...

Show Comments

Extras

Top Quizzes Today


Score Distribution

Your Account Isn't Verified!

In order to create a playlist on Sporcle, you need to verify the email address you used during registration. Go to your Sporcle Settings to finish the process.

Report this User

Report this user for behavior that violates our Community Guidelines.

Details: